000 00711nam a2200253Ia 4500
003 OSt
005 20221006142647.0
006 a|||||r|||| 00| 0
007 ta
008 221006b |||||||| |||| 00| 0 eng d
020 _c149.12
024 _a6,868
037 _bGift,
_cTextual
040 _aEASL
_cEASL
_beng
041 _2eng
_aeng
082 _aY:1(W691x)M18, M0
100 _aTHERBORN Goran
245 0 _aScience class and society
_b On the fornation of sociology and histroical materialism
260 _aVerso
_bBritain
_c1980
300 _a461p.
_ccm.
490 _v Oth
942 _hY:1(W691x)M18, M0
_cTEXL
_2CC
999 _c1074954
_d1074954